La critique littéraire (notice n° 1925198)
[ vue normale ]
| 000 -LEADER | |
|---|---|
| fixed length control field | 01296cam a2200133 4500500 |
| 005 - DATE AND TIME OF LATEST TRANSACTION | |
| control field | 20260329023152.0 |
| 041 ## - LANGUAGE CODE | |
| Language code of text/sound track or separate title | fre |
| 042 ## - AUTHENTICATION CODE | |
| Authentication code | dc |
| 100 10 - MAIN ENTRY--PERSONAL NAME | |
| Personal name | Roger, Jérôme |
| Relator term | author |
| 245 00 - TITLE STATEMENT | |
| Title | La critique littéraire |
| 260 ## - PUBLICATION, DISTRIBUTION, ETC. | |
| Name of publisher, distributor, etc. | Armand Colin,<br/> |
| Date of publication, distribution, etc. | 2016.<br/> |
| 520 ## - SUMMARY, ETC. | |
| Summary, etc. | Discipline aux contours mouvants, la critique littéraire est peu représentée aujourd’hui dans l’enseignement des lettres qui en méconnaît parfois l’enjeu, ou la tient pour un simple réservoir de méthodes. C’est oublier que la critique invite d’abord au décentrement du lecteur. Héritière de la poétique, de la philologie, de l’herméneutique, elle s’est enrichie au cours du XIXe et du XXe siècles de l’apport des sciences humaines et sociales. Elle ne se limite cependant pas au domaine français. En témoigne son dialogue de toujours avec la littérature européenne et mondiale, plus récemment avec les littératures francophones.André Gide précisait toutefois qu’« il n’y a pas de critique intéressante en tant que genre », mais qu’« il y a des critiques intéressants ». Si cet ouvrage parvenait à en persuader ses lecteurs, il aurait rempli sa fonction. |
| 856 41 - ELECTRONIC LOCATION AND ACCESS | |
| Uniform Resource Identifier | <a href="https://shs.cairn.info/la-critique-litteraire--9782200616120?lang=fr&redirect-ssocas=7080">https://shs.cairn.info/la-critique-litteraire--9782200616120?lang=fr&redirect-ssocas=7080</a> |
Pas d'exemplaire disponible.




Réseaux sociaux